Vplyv behaviorálnych faktorov na nákupné správanie spotrebiteľov e-shopu bakalárska práca

Salvato in:
Dettagli Bibliografici
Autore principale: Kilik, Adrian
Ente Autore: Fakulta podnikového manažmentu EU. Katedra podnikovohospodárska
Altri autori: Lešková, Radka, 1996-
Natura: Libro
Lingua:slovacco
Pubblicazione: Bratislava 2025
Tags: Aggiungi Tag
Nessun Tag, puoi essere il primo ad aggiungerne!!

MARC

LEADER 00000nbm a2200000 4500
001 0309729
005 20260323102834.0
041 0 |a slo 
044 |a SK 
245 1 0 |a Vplyv behaviorálnych faktorov na nákupné správanie spotrebiteľov e-shopu  |b bakalárska práca  |c Adrian Kilik ; školiteľ: Radka Lešková 
264 1 |a Bratislava  |c 2025 
300 |a 52 s. 
100 1 |a Kilik, Adrian 
700 1 |a Lešková, Radka, 1996- 
710 2 |a Fakulta podnikového manažmentu EU. Katedra podnikovohospodárska